[Event "XXIX Andorra Open"]
[Site "Arinsal AND"]
[Date "2011.07.23"]
[Round "8.3"]
[White "Ibarra Jerez, Jose Carlos"]
[Black "Damljanovic, Branko"]
[Result "1/2-1/2"]
[WhiteTitle "IM"]
[BlackTitle "GM"]
[WhiteElo "2530"]
[BlackElo "2611"]
[WhiteFideId "2226332"]
[BlackFideId "900125"]
[EventDate "2011.07.16"]
[EventType "swiss"]

1. e4 c5 2. Nf3 d6 3. d4 cxd4 4. Nxd4 Nf6 5. Nc3 a6 6. Be3 e5 7. Nf3 h6 8. Bc4
Qc7 9. Bb3 Be6 10. Nh4 Nbd7 11. O-O Bc4 12. Re1 g6 13. g3 b5 14. a3 Rc8 15. Ng2
Qb7 16. Bxc4 Rxc4 17. f3 Be7 18. Qd3 Rc6 19. Bf2 Bd8 20. Na2 Ba5 21. c3 O-O 22.
Rad1 Kg7 23. Re2 Rd8 24. Ne3 Nf8 25. Red2 Rc7 26. Nd5 Nxd5 27. Qxd5 Qb8 28. Kg2
Ne6 29. Nb4 Bxb4 30. axb4 Rc4 31. Qd3 Qc7 32. Qe3 Rc6 33. f4 f6 34. h4 Qf7 35.
f5 gxf5 36. exf5 Nc7 37. Qf3 d5 38. Bc5 a5 39. Kh3 axb4 40. Bxb4 e4 41. Qg4+ Kh7
42. h5 Re8 43. Qg6+ 1/2-1/2

[Event "XXIX Andorra Open"]
[Site "Arinsal AND"]
[Date "2011.07.23"]
[Round "8.4"]
[White "Tania, Sachdev"]
[Black "Almeida Quintana, Omar"]
[Result "1/2-1/2"]
[WhiteTitle "IM"]
[BlackTitle "GM"]
[WhiteElo "2419"]
[BlackElo "2548"]
[WhiteFideId "5007844"]
[BlackFideId "3503313"]
[EventDate "2011.07.16"]
[EventType "swiss"]

1. d4 Nf6 2. c4 c5 3. d5 e6 4. Nc3 exd5 5. cxd5 d6 6. e4 g6 7. h3 Bg7 8. Bd3 O-O
9. Bg5 Re8 10. Nf3 h6 11. Be3 Nbd7 12. O-O a6 13. a4 g5 14. Qd2 b6 15. Rab1 Nf8
16. Nh2 Ng6 17. f3 Nd7 18. Ng4 Nde5 19. Nxe5 Bxe5 20. Ne2 Bd7 21. f4 gxf4 22.
Nxf4 Bxa4 23. Nxg6 fxg6 24. Bxh6 Qh4 25. Rf3 Bb5 26. Bxb5 axb5 27. Rbf1 b4 28.
Kh1 Ra7 29. Bf4 Rf7 30. Bxe5 Rxf3 31. Rxf3 Rxe5 32. Rf4 Qe7 33. Qd3 Kg7 34. Qb5
Qd8 35. Qc6 Re7 36. b3 Qc7 37. Qa8 Rf7 38. Qa1+ Kg8 39. Qa8+ Kg7 40. Qa1+ Kg8
41. Qa8+ Kg7 42. Rh4 Rf8 43. Qa1+ Rf6 44. Qa8 Rf8 45. Qa1+ Rf6 46. Qa8 Rf8 47.
Qa1+ Rf6 48. g4 g5 49. Rh5 Qf7 50. Rxg5+ 1/2-1/2

[Event "XXIX Andorra Open"]
[Site "Arinsal AND"]
[Date "2011.07.23"]
[Round "8.7"]
[White "Kogan, Artur"]
[Black "Wegerle, Joerg"]
[Result "1-0"]
[WhiteTitle "GM"]
[BlackTitle "IM"]
[WhiteElo "2548"]
[BlackElo "2446"]
[WhiteFideId "2800802"]
[BlackFideId "4644743"]
[EventDate "2011.07.16"]
[EventType "swiss"]

1. e4 c5 2. Nc3 e6 3. Nf3 a6 4. Be2 Nc6 5. d4 cxd4 6. Nxd4 Qc7 7. O-O Nf6 8. Kh1
Nxd4 9. Qxd4 Bc5 10. Qd3 b5 11. Bg5 Bb7 12. f4 h6 13. Bh4 Rc8 14. e5 Nd5 15.
Nxd5 Bxd5 16. Qg3 g6 17. Bf6 Rg8 18. a4 Bc4 19. Bxc4 bxc4 20. Rad1 Qc6 21. b3
Be7 22. f5 exf5 23. Rd6 Qe4 24. Rfd1 Rd8 25. Qc3 g5 26. Qb4 c3 27. Rxd7 Bxf6 28.
exf6 1-0

[Event "XXIX Andorra Open"]
[Site "Arinsal AND"]
[Date "2011.07.23"]
[Round "8.9"]
[White "Mullon, Jean-Baptiste"]
[Black "Gonzalez Vidal, Yuri"]
[Result "0-1"]
[WhiteTitle "IM"]
[BlackTitle "GM"]
[WhiteElo "2400"]
[BlackElo "2503"]
[WhiteFideId "613606"]
[BlackFideId "3503321"]
[EventDate "2011.07.16"]
[EventType "swiss"]

1. e4 c5 2. Nf3 d6 3. d4 cxd4 4. Nxd4 Nf6 5. Nc3 g6 6. Be3 Bg7 7. f3 O-O 8. Qd2
Nc6 9. Bc4 Bd7 10. O-O-O Rc8 11. Bb3 Nxd4 12. Bxd4 b5 13. Nd5 Nxd5 14. Bxg7 Kxg7
15. exd5 a5 16. a3 Kg8 17. h4 b4 18. axb4 axb4 19. g4 Qa5 20. Qd4 Rc3 21. Kd2
Rxf3 22. Rdf1 Rg3 23. Rhg1 Rxg1 24. Rxg1 e5 25. dxe6 Bxe6 26. Rg3 Qc5 27. Qxc5
dxc5 28. Bxe6 fxe6 29. Ke3 Rd8 30. Ke4 g5 31. hxg5 Rd2 32. c3 Rxb2 33. cxb4 cxb4
34. Kd4 Kg7 35. Kc4 Kg6 36. Re3 Kxg5 37. Rxe6 Kxg4 38. Rh6 Rc2+ 39. Kxb4 Rc7 40.
Kb5 Kg5 41. Rh1 h5 42. Rg1+ Kf4 43. Rf1+ Kg3 44. Rg1+ Kf2 45. Rh1 Rh7 46. Ra1 h4
47. Ra2+ Kg3 0-1

[Event "XXIX Andorra Open"]
[Site "Arinsal AND"]
[Date "2011.07.23"]
[Round "8.10"]
[White "Riff, Jean-Noel"]
[Black "Panelo, Marcelo"]
[Result "1-0"]
[WhiteTitle "IM"]
[BlackTitle "IM"]
[WhiteElo "2493"]
[BlackElo "2413"]
[WhiteFideId "611190"]
[BlackFideId "104213"]
[EventDate "2011.07.16"]
[EventType "swiss"]

1. e4 c5 2. Nf3 d6 3. d4 cxd4 4. Nxd4 Nf6 5. Nc3 a6 6. Be2 e5 7. Nb3 Be7 8. O-O
O-O 9. Re1 Be6 10. Bf3 Qc7 11. a4 Nbd7 12. Nd2 Rac8 13. Nf1 Nb6 14. Ne3 g6 15.
a5 Nc4 16. Ncd5 Bd8 17. Nc3 Be7 18. Ncd5 Bxd5 19. Nxd5 Nxd5 20. Qxd5 Qd7 21. b3
Rc5 22. Qd3 Rxa5 23. Bh6 Rxa1 24. Rxa1 Nb6 25. Bxf8 Kxf8 26. Qc3 Qd8 27. Rd1 h5
28. Be2 1-0

[Event "XXIX Andorra Open"]
[Site "Arinsal AND"]
[Date "2011.07.23"]
[Round "8.11"]
[White "Das, Arghyadip"]
[Black "Villegas, Pierre"]
[Result "1-0"]
[WhiteTitle "IM"]
[WhiteElo "2471"]
[BlackElo "2255"]
[WhiteFideId "5003610"]
[BlackFideId "654183"]
[EventDate "2011.07.16"]
[EventType "swiss"]

1. e4 c6 2. d4 d5 3. f3 Qb6 4. Nc3 dxe4 5. Nxe4 Nd7 6. c3 Ngf6 7. Bc4 g6 8. Qe2
Qc7 9. Nh3 Nxe4 10. fxe4 f6 11. Nf4 e5 12. Ne6 Qd6 13. O-O b5 14. Bb3 a5 15.
dxe5 fxe5 16. Qf3 Qe7 17. Bg5 1-0

[Event "XXIX Andorra Open"]
[Site "Arinsal AND"]
[Date "2011.07.23"]
[Round "8.12"]
[White "Karasik, Evgeni"]
[Black "Rodriguez Guerrero, Enrique"]
[Result "1/2-1/2"]
[BlackTitle "GM"]
[WhiteElo "2249"]
[BlackElo "2449"]
[WhiteFideId "2803941"]
[BlackFideId "2216892"]
[EventDate "2011.07.16"]
[EventType "swiss"]

1. d4 Nf6 2. Nc3 d5 3. Bg5 Nbd7 4. f3 h6 5. Bh4 e6 6. e4 dxe4 7. Nxe4 Bb4+ 8. c3
Be7 9. Nxf6+ Bxf6 10. Bxf6 Qxf6 11. Bd3 c5 12. Ne2 O-O 13. O-O cxd4 14. Nxd4 Nc5
15. Nb3 Nxd3 16. Qxd3 b6 17. Rfe1 Bb7 18. Qe3 Rfe8 19. Nd2 Bd5 20. a3 Rad8 21.
Rad1 Qg6 22. c4 Bb7 23. Ne4 e5 24. Nc3 f6 25. h3 Qc2 26. Rxd8 Rxd8 27. Re2 Qb3
28. c5 Ba6 29. Rf2 Rd4 30. cxb6 Qxb6 31. Kh2 Qd8 32. Ne4 Bd3 33. Nc5 Bc4 34. Ne4
f5 35. Nc3 Qd6 36. Kg1 f4 37. Qe1 Bd3 38. Rd2 Kh8 39. Kh2 Qf6 40. Qd1 Qd6 41.
Qe1 a6 42. Kh1 Kh7 43. Kh2 Kh8 44. Kh1 Bc4 45. Ne4 Qb6 46. Qc1 Bd3 47. Qc8+ Rd8
48. Qc5 Qb8 49. Nf2 Rc8 50. Qe7 Re8 51. Qf7 Rf8 52. Qe7 Bb5 53. Ng4 Re8 54. Qb4
Qc7 55. Nf2 Qe7 56. Qe4 Qc5 57. Rc2 Qd4 58. Qg6 Qd7 59. Kh2 Qe6 60. Qe4 Qd6 61.
a4 Bd7 62. Re2 Bc6 63. Qc4 Qg6 64. Kh1 Bb7 65. Qd3 Qc6 66. b3 Qd5 67. b4 Rd8 68.
Rd2 Qxd3 69. Rxd3 Rc8 70. Ng4 e4 71. fxe4 Bxe4 72. Rd4 Rc1+ 73. Kh2 Re1 74. Nf2
Bc6 75. b5 axb5 76. axb5 Bxb5 77. Rxf4 Re2 78. Nh1 Bc6 79. Rf2 Re6 80. Ng3 Kh7
81. Nf5 Rf6 82. Kg1 Bd7 83. Nd4 Rd6 84. Nf3 Bc8 85. Rd2 Rf6 86. Rf2 Bb7 87. Ne5
Re6 88. Nf3 Rd6 89. Ne5 Rd5 90. Nf3 g5 91. Rd2 Rb5 92. Kf2 Rb6 93. Kg3 Rb3 94.
Kf2 Rb6 95. Kg3 Kg6 96. Re2 h5 97. Re5 Kf6 98. Rc5 Rb3 99. Rc2 Be4 100. Re2 Kf5
101. Kf2 Rb4 102. Nd2 Bb7 103. Nf1 Rf4+ 104. Kg1 Rxf1+ 105. Kxf1 Ba6 106. Kf2
Bxe2 107. Kxe2 Ke4 108. Kf2 Kf4 109. Kg1 Ke3 110. Kf1 Kd4 111. Kf2 Ke4 112. Ke2
Kf4 113. Kf2 h4 114. Kg1 Kg3 115. Kh1 1/2-1/2

[Event "XXIX Andorra Open"]
[Site "Arinsal AND"]
[Date "2011.07.23"]
[Round "8.13"]
[White "Berkovich, Mark A"]
[Black "Marin, Mihail"]
[Result "0-1"]
[WhiteTitle "IM"]
[BlackTitle "GM"]
[WhiteElo "2396"]
[BlackElo "2548"]
[WhiteFideId "2801639"]
[BlackFideId "1200020"]
[EventDate "2011.07.16"]
[EventType "swiss"]

1. Nf3 Nf6 2. g3 b6 3. Bg2 Bb7 4. c4 e6 5. O-O Be7 6. d4 O-O 7. Nc3 Na6 8. Bf4
d5 9. Ne5 c5 10. dxc5 bxc5 11. cxd5 Nxd5 12. Nxd5 exd5 13. Qb3 Rb8 14. Nxf7 Rxf7
15. Bxb8 Qxb8 16. Bxd5 Bxd5 17. Qxd5 Qxb2 18. Rab1 Qd4 19. Qe6 Qf6 20. Qc4 Nb4
21. e3 Kh8 22. f4 Rf8 23. Rfd1 Re8 24. Rb3 Bf8 25. Ra3 Qc6 26. Kf2 Qb7 27. Rb3
Qe7 28. Ra3 h6 29. Rc3 Qf6 30. Rb3 Qg6 31. Rd7 Nc6 32. Rbd3 Qf6 33. Qf7 Qxf7 34.
Rxf7 Be7 35. Rf5 g6 36. Rf7 Kg8 37. Rxe7 Rxe7 38. Rd6 Rc7 39. Rxg6+ Kh7 40. Rd6
c4 41. Rd1 c3 42. Ke2 Nb4 0-1

[Event "XXIX Andorra Open"]
[Site "Arinsal AND"]
[Date "2011.07.23"]
[Round "8.14"]
[White "Norwood, David R"]
[Black "Porat, Maya"]
[Result "1/2-1/2"]
[WhiteTitle "GM"]
[WhiteElo "2491"]
[BlackElo "2274"]
[WhiteFideId "400106"]
[BlackFideId "2808072"]
[EventDate "2011.07.16"]
[EventType "swiss"]

1. g3 Nf6 2. Bg2 d5 3. c4 e6 4. Nf3 dxc4 5. Na3 a6 6. Nxc4 b5 7. Nce5 Nd5 8. a4
Bb7 9. Qb3 c6 10. e4 Nb6 11. d4 Qe7 12. Bd2 N8d7 13. O-O Nxe5 14. Nxe5 Nxa4 15.
Rxa4 bxa4 16. Qxa4 Rc8 17. d5 Qc5 18. Qb3 Qb5 19. Qf3 Rc7 20. dxc6 Bxc6 21. Nxc6
Qxc6 22. Bc3 f6 23. Ra1 Bc5 24. Qe2 O-O 25. e5 Qb5 1/2-1/2

[Event "XXIX Andorra Open"]
[Site "Arinsal AND"]
[Date "2011.07.23"]
[Round "8.15"]
[White "Nass, Emile"]
[Black "Venkatesh, M.R."]
[Result "0-1"]
[BlackTitle "IM"]
[WhiteElo "2247"]
[BlackElo "2480"]
[WhiteFideId "635944"]
[BlackFideId "5005779"]
[EventDate "2011.07.16"]
[EventType "swiss"]

1. d4 Nf6 2. c4 e6 3. g3 d5 4. Bg2 Bb4+ 5. Bd2 Be7 6. Nf3 c6 7. Qc2 O-O 8. O-O
Nbd7 9. Rd1 b6 10. Bf4 Ba6 11. cxd5 cxd5 12. Nc3 b5 13. Ne5 Rc8 14. a3 Bb7 15.
Qd3 a6 16. e4 Nb6 17. exd5 Nfxd5 18. Bd2 f6 19. Nf3 Nc4 20. Nxd5 Bxd5 21. Bc3 a5
22. Qe2 Nxa3 23. bxa3 Rxc3 24. Nd2 Rxa3 25. Qxb5 Bxg2 26. Kxg2 Qxd4 27. Rxa3
Bxa3 0-1

[Event "XXIX Andorra Open"]
[Site "Arinsal AND"]
[Date "2011.07.23"]
[Round "8.17"]
[White "Mascaro March, Pedro"]
[Black "Chauvet, Vincent"]
[Result "1-0"]
[WhiteTitle "IM"]
[WhiteElo "2413"]
[BlackElo "2032"]
[WhiteFideId "2217570"]
[BlackFideId "20646682"]
[EventDate "2011.07.16"]
[EventType "swiss"]

1. d4 d5 2. c4 c6 3. Nf3 Nf6 4. Nc3 e6 5. Bg5 h6 6. Bxf6 Qxf6 7. e3 g6 8. Bd3
dxc4 9. Bxc4 Nd7 10. O-O Bg7 11. Qe2 O-O 12. Rfd1 Qe7 13. e4 c5 14. d5 Bxc3 15.
d6 Qf6 16. bxc3 e5 17. Bb5 Kh7 18. Rab1 Rb8 19. Rd5 Re8 20. Rbd1 b6 21. h3 Qg7
22. a4 f6 23. Bc6 Rd8 24. a5 Bb7 25. Bxb7 Rxb7 26. axb6 axb6 27. Qb5 Qf7 28. Nd2
Rc8 29. Nc4 Rcb8 30. Ra1 Qe8 31. Ra6 Qd8 32. Rd2 Kg7 33. Ne3 Nf8 34. Nc4 Nd7 35.
Rda2 Qe8 36. Ra7 Kh8 37. Qc6 Rxa7 38. Rxa7 Rd8 39. Qc7 Qg8 40. Nxb6 1-0

[Event "XXIX Andorra Open"]
[Site "Arinsal AND"]
[Date "2011.07.23"]
[Round "8.18"]
[White "Basora Pascual, Lluc"]
[Black "Vehi Bach, Victor Manuel"]
[Result "0-1"]
[BlackTitle "IM"]
[WhiteElo "2178"]
[BlackElo "2403"]
[WhiteFideId "2210908"]
[BlackFideId "2200228"]
[EventDate "2011.07.16"]
[EventType "swiss"]

1. e4 c5 2. Nf3 e6 3. d4 cxd4 4. Nxd4 Nf6 5. Nc3 d6 6. Be3 a6 7. Be2 Be7 8. a4
Nc6 9. O-O O-O 10. f4 Qc7 11. Nb3 b6 12. Bd3 Nb4 13. g4 e5 14. f5 d5 15. g5 d4
16. gxf6 Bxf6 17. Nxd4 exd4 18. Bf4 Be5 19. Ne2 f6 20. Qd2 Nxd3 21. cxd3 Bd7 22.
Rfc1 Qd6 23. b3 Rfc8 24. Kg2 b5 25. a5 b4 26. Rxc8+ Rxc8 27. Rc1 Rb8 28. Bg3 Be8
29. Rc4 Bf7 30. Rxd4 Qc5 31. Bxe5 fxe5 32. Rd7 Qc6 33. Ra7 Bxb3 34. Qg5 Bf7 35.
Qe7 Qf6 36. Qxf6 gxf6 37. Rxa6 b3 38. Rb6 Rc8 39. a6 Ra8 40. Nc1 Rxa6 41. Rb8+
Kg7 42. Nxb3 Ra2+ 43. Kg3 Rb2 44. Rb7 Rxb3 45. Rd7 Kf8 0-1

[Event "XXIX Andorra Open"]
[Site "Arinsal AND"]
[Date "2011.07.23"]
[Round "8.19"]
[White "Gagarin, Vasilij"]
[Black "Albets Armengol, Roland"]
[Result "1-0"]
[WhiteTitle "IM"]
[WhiteElo "2428"]
[BlackElo "2169"]
[WhiteFideId "4103610"]
[BlackFideId "2278049"]
[EventDate "2011.07.16"]
[EventType "swiss"]

1. d4 g6 2. c4 Bg7 3. Nf3 d6 4. Nc3 Bg4 5. g3 Bxf3 6. exf3 e6 7. d5 exd5 8. cxd5
Ne7 9. Bg2 O-O 10. O-O Nd7 11. f4 Nb6 12. Qd3 Qd7 13. Bd2 c6 14. dxc6 bxc6 15.
Rac1 Rab8 16. Rfd1 Rfd8 17. b3 c5 18. Ne4 Nc6 19. Bc3 Nd4 20. Bxd4 cxd4 21. Ng5
Rbc8 22. Rxc8 Qxc8 23. Nf3 Nd5 24. Nxd4 Nc3 25. Re1 Nxa2 26. Nc6 Re8 27. Ne7+
Rxe7 28. Rxe7 Nb4 29. Qb5 Bf8 30. Rxa7 Qc1+ 31. Bf1 Qe1 32. Qb7 1-0

[Event "XXIX Andorra Open"]
[Site "Arinsal AND"]
[Date "2011.07.23"]
[Round "8.20"]
[White "Marin, Irina-Luiza"]
[Black "Jerez Perez, Alfonso"]
[Result "0-1"]
[WhiteTitle "WIM"]
[BlackTitle "IM"]
[WhiteElo "2164"]
[BlackElo "2416"]
[WhiteFideId "1201778"]
[BlackFideId "2204100"]
[EventDate "2011.07.16"]
[EventType "swiss"]

1. c4 g6 2. g3 Bg7 3. Bg2 e5 4. Nc3 d6 5. e4 c6 6. Nge2 Ne7 7. d3 a5 8. O-O O-O
9. Be3 Nd7 10. Qd2 f5 11. Bh6 Bxh6 12. Qxh6 Nc5 13. Rad1 Ne6 14. d4 Qc7 15. d5
Nc5 16. Qd2 cxd5 17. cxd5 Qb6 18. Kh1 fxe4 19. Qg5 Nf5 20. g4 Ng7 21. Nxe4 Nxe4
22. Bxe4 Bd7 23. f3 Bb5 24. Rfe1 Bxe2 25. Rxe2 Rac8 26. Rc1 Qb5 27. Rf2 Rxc1+
28. Qxc1 Ne8 29. Qc8 Nf6 30. Qe6+ Kg7 31. Qxd6 Nxg4 32. Kg2 Nxf2 33. Qxe5+ Rf6
34. Qe7+ Rf7 35. Qe5+ Kh6 36. Kxf2 Qc5+ 37. Kg2 Qe3 38. a3 Rxf3 0-1

[Event "XXIX Andorra Open"]
[Site "Arinsal AND"]
[Date "2011.07.24"]
[Round "9.1"]
[White "Georgiev, Kiril"]
[Black "Ibarra Jerez, Jose Carlos"]
[Result "1/2-1/2"]
[WhiteTitle "GM"]
[BlackTitle "IM"]
[WhiteElo "2654"]
[BlackElo "2530"]
[WhiteFideId "2900017"]
[BlackFideId "2226332"]
[EventDate "2011.07.16"]
[EventType "swiss"]

1. d4 Nf6 2. c4 d6 3. Nf3 g6 4. Nc3 Bf5 5. Nh4 Bg4 6. h3 Bd7 7. Nf3 Bg7 8. e4
O-O 9. Be3 b6 10. Bd3 c5 11. O-O cxd4 12. Nxd4 Nc6 13. Nf3 Rc8 14. Rc1 Ne8 15.
b3 Nc7 16. Re1 Ne6 17. Bf1 Nc5 18. Bg5 Ne6 19. Be3 Nc5 20. Bg5 Ne6 1/2-1/2

[Event "XXIX Andorra Open"]
[Site "Arinsal AND"]
[Date "2011.07.24"]
[Round "9.4"]
[White "Damljanovic, Branko"]
[Black "Das, Arghyadip"]
[Result "1-0"]
[WhiteTitle "GM"]
[BlackTitle "IM"]
[WhiteElo "2611"]
[BlackElo "2471"]
[WhiteFideId "900125"]
[BlackFideId "5003610"]
[EventDate "2011.07.16"]
[EventType "swiss"]

1. c4 e5 2. Nc3 Nf6 3. g3 d5 4. cxd5 Nxd5 5. Bg2 Nb6 6. Nf3 Nc6 7. O-O Be7 8. a3
O-O 9. b4 Be6 10. d3 a5 11. b5 Nd4 12. Nd2 c6 13. bxc6 Nxc6 14. Rb1 a4 15. Nf3
Bb3 16. Rxb3 axb3 17. Qxb3 Ra6 18. Nb5 Nd7 19. Be3 Bc5 20. Bd2 Qb6 21. a4 h6 22.
e3 Be7 23. d4 Rfa8 24. Bh3 Qd8 25. Bxd7 Qxd7 26. d5 e4 27. dxc6 bxc6 28. Ne5
Qxd2 29. Qxf7+ Kh7 30. Qf5+ Kg8 31. Nc7 Qd8 32. Qe6+ Kh7 33. Qg6+ 1-0

[Event "XXIX Andorra Open"]
[Site "Arinsal AND"]
[Date "2011.07.24"]
[Round "9.5"]
[White "Caspi, Israel"]
[Black "Iturrizaga, Eduardo"]
[Result "0-1"]
[WhiteTitle "IM"]
[BlackTitle "GM"]
[WhiteElo "2443"]
[BlackElo "2603"]
[WhiteFideId "2807394"]
[BlackFideId "3901211"]
[EventDate "2011.07.16"]
[EventType "swiss"]

1. e4 c6 2. d4 d5 3. e5 Bf5 4. Nd2 e6 5. Nb3 Nd7 6. Nf3 Ne7 7. Be2 Bg4 8. O-O
Nf5 9. h3 Bxf3 10. Bxf3 g6 11. Be2 h5 12. c4 dxc4 13. Bxc4 Nb6 14. Be2 Qh4 15.
a4 g5 16. Qd3 Nd5 17. Rd1 Nb4 18. Qc3 Rg8 19. Bf1 g4 20. g3 gxh3 21. Kh2 Qg4 22.
Bd2 h4 23. Be1 hxg3+ 24. fxg3 Nd5 25. Qd3 Nf4 26. Qc3 Bb4 27. Qxb4 Nxg3 28. Qc4
Ne4 0-1

[Event "XXIX Andorra Open"]
[Site "Arinsal AND"]
[Date "2011.07.24"]
[Round "9.7"]
[White "Almeida Quintana, Omar"]
[Black "Riff, Jean-Noel"]
[Result "1/2-1/2"]
[WhiteTitle "GM"]
[BlackTitle "IM"]
[WhiteElo "2548"]
[BlackElo "2493"]
[WhiteFideId "3503313"]
[BlackFideId "611190"]
[EventDate "2011.07.16"]
[EventType "swiss"]

1. d4 Nf6 2. c4 e6 3. Nf3 Bb4+ 4. Nbd2 O-O 5. a3 Be7 6. e3 b6 7. Bd3 Bb7 8. O-O
c5 9. b3 d6 10. Bb2 Nbd7 11. Qe2 Qc7 12. Rac1 Rac8 13. e4 cxd4 14. Nxd4 a6 15.
b4 Qb8 16. f4 g6 17. f5 e5 18. Nc2 Qa8 19. Na1 Rfe8 20. Nab3 Bf8 21. Rce1 Rc7
22. Nb1 Rec8 23. fxg6 fxg6 24. Nc3 Bg7 25. Qd2 Rf8 26. a4 Qc8 27. Qe2 Kh8 28.
Ba3 Rd8 29. b5 Nc5 30. Nxc5 dxc5 31. Nd5 Bxd5 32. exd5 axb5 33. axb5 Ne8 34. Bb2
Re7 35. Bc1 Rdd7 36. Bg5 Rf7 37. Qg4 Nd6 38. Qe6 Qf8 39. h4 e4 40. Be2 Nf5 41.
Bg4 Ng3 42. Rxf7 Rxf7 43. d6 h6 44. Be3 Rf6 45. Qe7 Rxd6 46. Qxf8+ Bxf8 47. Bf4
Rd3 48. Kh2 Nf5 49. Rxe4 Bd6 50. Bxd6 Nxd6 51. Re6 Kg7 52. Bf3 Nxc4 53. Be2 Rd4 1/2-1/2

[Event "XXIX Andorra Open"]
[Site "Arinsal AND"]
[Date "2011.07.24"]
[Round "9.8"]
[White "Venkatesh, M.R."]
[Black "Tania, Sachdev"]
[Result "1/2-1/2"]
[WhiteTitle "IM"]
[BlackTitle "IM"]
[WhiteElo "2480"]
[BlackElo "2419"]
[WhiteFideId "5005779"]
[BlackFideId "5007844"]
[EventDate "2011.07.16"]
[EventType "swiss"]

1. Nf3 Nf6 2. g3 b6 3. Bg2 Bb7 4. d3 d5 5. Nbd2 Nbd7 6. O-O e5 7. e4 Bd6 8. Nh4
dxe4 9. Nf5 Bf8 10. Nxe4 Nxe4 11. dxe4 g6 12. Ne3 Bg7 13. Qe2 O-O 14. Rd1 Qe7
15. Nd5 Bxd5 16. Rxd5 Nf6 17. Rd1 Rfd8 18. Be3 Qb4 19. c3 Qa4 20. Rd3 Rxd3 21.
Qxd3 Re8 22. Bf3 h6 23. b3 Qc6 24. a4 Re7 25. Rc1 Rd7 26. Qa6 Rd8 27. c4 Ne8 28.
c5 Qa8 29. b4 Bf8 30. a5 bxc5 31. Bxc5 Bxc5 32. Rxc5 Rd6 33. Qc4 Rd4 34. Qb3 Qd8
35. Rxe5 Nf6 36. Qe3 Rxb4 37. Rc5 h5 38. h3 Qb8 39. Qc3 Nxe4 40. Bxe4 Rxe4 41.
Rxc7 Re8 42. Qc4 Qb1+ 43. Kg2 Qe4+ 44. Qxe4 Rxe4 45. Rxa7 Ra4 46. Kf3 h4 47. g4
Ra3+ 48. Kg2 g5 49. a6 Kg7 50. Ra8 Kf6 51. a7 Kg7 52. Kf1 Ra2 53. Ke1 Ra1+ 54.
Ke2 Ra2+ 55. Ke3 Ra3+ 56. Ke4 Ra4+ 57. Kf3 Ra3+ 58. Ke2 Ra2+ 59. Kf3 Ra3+ 60.
Kg2 Ra2 1/2-1/2

[Event "XXIX Andorra Open"]
[Site "Arinsal AND"]
[Date "2011.07.24"]
[Round "9.9"]
[White "Peralta, Fernando"]
[Black "Karasik, Evgeni"]
[Result "1/2-1/2"]
[WhiteTitle "GM"]
[WhiteElo "2601"]
[BlackElo "2249"]
[WhiteFideId "105309"]
[BlackFideId "2803941"]
[EventDate "2011.07.16"]
[EventType "swiss"]

1. Nf3 c5 2. c4 Nf6 3. Nc3 Nc6 4. e3 e5 5. d4 cxd4 6. exd4 e4 7. Ng5 Bb4 8. d5
Ne5 9. Be2 Bxc3+ 10. bxc3 d6 11. Qd4 Bf5 12. f3 Nd3+ 13. Bxd3 exd3 14. O-O O-O
15. Ba3 Qd7 16. Ne4 Nxe4 17. fxe4 Bg6 18. Qxd3 Rfe8 19. Rae1 b6 20. Qg3 Re5 21.
c5 bxc5 22. Bxc5 Rae8 23. Bd4 Rxe4 24. Rxe4 Rxe4 25. h3 Re2 26. Rf2 Rxf2 27.
Qxf2 a6 28. Qe2 Qc8 29. Qe7 Qb8 30. c4 h6 31. c5 dxc5 32. d6 Bf5 33. Bxc5 Qc8
34. Qe3 Bd7 35. a3 Qe8 36. Qd2 Qe4 37. Bb4 Qe6 38. Bc3 Qc4 39. Qe3 Qe6 40. Qd4
f6 41. Bb4 Bb5 42. Qc5 Bd7 43. Qa7 Bb5 44. Qd4 Bd7 45. Qd2 Bb5 46. Bc5 Bc6 47.
Bf2 Kf7 48. Bg3 Qd5 49. Qf2 Qd1+ 50. Kh2 Qd5 51. Bf4 Ke6 52. Qe2+ Qe4 53. Qg4+
Qf5 54. Qg3 g5 55. Bd2 Qe5 56. Bb4 1/2-1/2

[Event "XXIX Andorra Open"]
[Site "Arinsal AND"]
[Date "2011.07.24"]
[Round "9.10"]
[White "Marin, Mihail"]
[Black "Bas Mas, Jose Joaquin"]
[Result "1-0"]
[WhiteTitle "GM"]
[WhiteElo "2548"]
[BlackElo "2194"]
[WhiteFideId "1200020"]
[BlackFideId "22219064"]
[EventDate "2011.07.16"]
[EventType "swiss"]

1. d4 Nf6 2. Nf3 c5 3. e3 e6 4. Bd3 Qc7 5. c4 a6 6. Nc3 d6 7. O-O Nbd7 8. b3 Be7
9. Bb2 O-O 10. a4 b6 11. d5 e5 12. Qc2 Re8 13. Nd2 Nf8 14. h3 Ng6 15. f4 exf4
16. exf4 Bf8 17. Nce4 Nxe4 18. Nxe4 Qd8 19. Rae1 Ra7 20. Qf2 f5 21. Ng5 Rxe1 22.
Rxe1 Re7 23. Ne6 Bxe6 24. dxe6 d5 25. Bxf5 d4 26. Bd3 Qd6 27. Bc1 1-0

[Event "XXIX Andorra Open"]
[Site "Arinsal AND"]
[Date "2011.07.24"]
[Round "9.11"]
[White "Rodriguez Guerrero, Enrique"]
[Black "Del Rio De Angelis, Salvador G."]
[Result "1/2-1/2"]
[WhiteTitle "GM"]
[BlackTitle "GM"]
[WhiteElo "2449"]
[BlackElo "2509"]
[WhiteFideId "2216892"]
[BlackFideId "2203138"]
[EventDate "2011.07.16"]
[EventType "swiss"]

1. e4 e6 2. d4 d5 3. Nc3 Bb4 4. e5 c5 5. a3 Bxc3+ 6. bxc3 Ne7 7. Qg4 cxd4 8.
Qxg7 Rg8 9. Qxh7 Qc7 10. Ne2 Nbc6 11. f4 Bd7 12. Qd3 dxc3 13. Rb1 d4 14. Ng3
O-O-O 15. Be2 Ng6 16. O-O Nh4 17. Rf2 Ne7 18. Qxd4 Bb5 19. Qe4 Bxe2 20. Qxe2
Nef5 21. Nxf5 Nxf5 22. Be3 Qc6 23. Re1 Rg6 24. Qf3 Qa4 25. Bc5 Rdg8 26. Bd6 Qd4
27. Rb1 Rxg2+ 28. Kh1 Qb6 29. Rff1 Rxh2+ 30. Kxh2 Rh8+ 31. Kg2 Rg8+ 32. Kh2 Rh8+
33. Kg2 Rg8+ 34. Kh2 1/2-1/2

[Event "XXIX Andorra Open"]
[Site "Arinsal AND"]
[Date "2011.07.24"]
[Round "9.12"]
[White "Vehi Bach, Victor Manuel"]
[Black "Mascaro March, Pedro"]
[Result "1/2-1/2"]
[WhiteTitle "IM"]
[BlackTitle "IM"]
[WhiteElo "2403"]
[BlackElo "2413"]
[WhiteFideId "2200228"]
[BlackFideId "2217570"]
[EventDate "2011.07.16"]
[EventType "swiss"]

1. e4 c5 2. Nf3 Nc6 3. d4 cxd4 4. Nxd4 Nf6 5. Nc3 d6 6. Bg5 g6 7. Bxf6 exf6 8.
Bc4 Bg7 9. Ndb5 O-O 10. Qxd6 Qa5 11. O-O-O f5 12. Qd2 Ne5 13. Bd5 fxe4 14. h3
Rd8 15. Qe2 Rxd5 16. Rxd5 Be6 17. Qxe4 Bxd5 18. Qxd5 Qb6 19. Qd4 Qc6 20. Qe4 Nc4
21. Re1 Nxb2 22. Qxc6 bxc6 23. Kxb2 cxb5 24. Kb3 a6 25. Nd5 Kf8 26. Re4 Rc8 27.
c4 f5 28. Rf4 Be5 29. Rh4 Kg7 30. cxb5 axb5 31. a4 g5 32. Rb4 bxa4+ 33. Rxa4
Rb8+ 34. Kc4 Rb2 35. Ra7+ Kh6 36. Re7 Bb8 37. Re6+ Kg7 38. Re7+ Kh6 39. Re6+ Kg7
40. Re7+ Kg6 1/2-1/2